00359nam a2200133Ia 4500008004100000020001500041041001200056082001600068100001700084245007500101260002500176300000800201650001600209221030s9999 xx 000 0 und d a007049939X aEnglish a105.23bMar aJ. C. Martin 0aIntroduction to Languages & The Theory of Computationcby J. C. Martin bTMHaNew Delhic2003 a543 aBE Computer